| 000 | 00352 a2200157 4500 | ||
|---|---|---|---|
| 001 | 72056 | ||
| 020 | _a8571800367 | ||
| 040 | _cAnchieta - Colégio São Paulo | ||
| 100 | _aPacei, Cristina | ||
| 240 | 1 | 0 |
_aOs meus amigos _lpor |
| 245 | 1 | 0 | _aOs meus amigos |
| 300 | _a[10p.] | ||
| 362 | 0 | _a1990 | |
| 650 | 4 | _aLiteratura infanto-juvenil | |
| 942 | _cBK | ||
| 999 |
_c72056 _d72056 |
||